00858nam a2200241 a 450000100060000000300080000600500170001400800410003103500350007204000370010704100080014408200280015209000230018010000340020324500570023726000380029430000210033250400570035365000360041094200120044699900170045895201410047546586BD-RjUL20211209054156.0160803s1962 enk b 001 0 eng  aOCLC ocm04599299 from D980220M aDLCcGZLdSLUdUKMdBD-RjULbeng aeng04a347.41077218bSTP 1962 aKD703.D3bS78 19621 aStreet, Harry,d1919-913095310aPrinciples of the law of damages /cby Harry Street. aLondon :bSweet & Maxwell,c1962. a272 p. ;c23 cm. aIncludes bibliographical references and and indexes. 0aDamageszGreat Britain.9142094 2ddccBK c46586d46586 00102ddc40708NFICaRUCLbRUCLcStackd1972-01-02eZaitlingerg70.00l0o347.41077 STP 1962r2016-08-03 00:00:00tC-2w2016-08-03yBK